Responses for Show #3744 - Thursday, December 7, 2000

Contestants

[<< previous game]

Steve Edwards, an attorney from Culver City, California

Christine Detz, a legal assistant from West Springfield, Massachusetts

Kurt Fried, a writer originally from Lenexa, Kansas (whose 1-day cash winnings total $12,000)

[next game >>]

Jeopardy! Round responses

KENTUCKY
NAME'S THE SAME
ARCHAEOLOGY
BEATLES LYRICS
(Alex: You have to identify the song.)
TOOTHPASTE TALK
THE "FIRST"
    $100 26
Bluegrass

Steve
    $100 1
Fannie

Kurt
    $100 6
Pollen

Steve
    $100 16
(Alex: And I tried to disguise it, but I didn't!)

"Hey Jude"

Christine
    $100 17
Gleem

Christine
    $100 11
first base

Kurt
    $200 27
Neil Diamond

Christine
    $200 2
Mel

Steve
    $200 7
Mummy

Steve
    $200 22
"Eleanor Rigby"

Steve
    $200 18
Colgate

Kurt
    $200 12
"The First Noel"

Kurt
    $300 28
Louisville

Christine
    $300 3
(Alex: No... Oh, yes, I'm sorry! Where was I... I left... I went next door for a moment!)

Michael

Christine
    $300 8
cannibalism

Steve
    $1,000 23
"Paperback Writer"

Steve
    $300 19
Close-Up

Steve
    $300 13
(Steve: What is on a first name basis?)

first come, first serve

ChristineSteve
    $400 29
Horse

Triple Stumper
    $400 4
Jason

Christine
    $400 9
Synagogue

Triple Stumper
    $400 24
"Lady Madonna"

Steve
    $400 20
Aim

Kurt
    $400 14
first position

Kurt
    $500 30
Mammoth Cave

Steve
    $500 5
(Kurt: What is Dusty?)

Rick

KurtSteve
    $500 10
(Christine: What is Duke?)

North Carolina

KurtChristine
    $500 25
"Penny Lane"

Steve
    $500 21
Arm & Hammer (for Armand Hammer)

Steve
    $500 15
"The First Folio"

Steve

Scores at the first commercial break (after clue 16):

Kurt Christine Steve
$800 $600 $1,500

Scores at the end of the Jeopardy! Round:

Kurt Christine Steve
$1,400 $1,200 $5,000

Double Jeopardy! Round responses

HISTORICAL NOVELS
A.A.
PHYSICS
THE SILVER SCREEN
TEAM PLAYERS
(Alex: Each correct response is a city & a team name.)
THE SECOND
    $200 4
Ulysses S. Grant

Kurt
    $200 3
Arthur Ashe

Steve
    $200 2
Gravity

Steve
    $200 13
On the Waterfront

Christine
    $200 1
Chicago Cub

Kurt
    $200 19
Industrial Revolution

Christine
    $400 9
Harriet Beecher Stowe

Kurt
    $400 25
Adam Ant

Christine
    $400 5
Ray

Steve
    $400 18
Ingrid Bergman

Christine
    $400 14
Green Bay Packer

Christine
    $400 20
Bull Run/Manassas

Kurt
    $600 10
Sir Walter Scott

Triple Stumper
    $600 26
Adele Astaire

Steve
    $1,500 6
(S: What is a quark?)

Quantum

Steve
    $600 21
Robert De Niro

Christine
    $600 15
San Diego Charger

Triple Stumper
    $600 22
(C: What is Hinduism?)

Buddhism

KurtChristine
    $800 11
William Makepeace Thackeray

Steve
    $1,500 27
Abigail Adams

Steve
    $800 7
Water/fluid

Steve
    $800 23
Dead Man Walking

Christine
    $800 16
Atlanta Hawk

Kurt
    $800 29
Empire

Steve
    $1000 12
Lew Wallace

Kurt
    $1000 28
Aldrich Ames

Kurt
    $1000 8
(S: What is a Tesla coil?)

Van de Graaff Generator

Steve
Triple Stumper
    $1000 24
Ishtar

Kurt
    $1000 17
Cleveland Indian

Triple Stumper
    $1000 30
Great Awakening

Christine

Scores at the end of the Double Jeopardy! Round:

Kurt Christine Steve
$7,000 $4,600 $7,800

[wagering suggestions for these scores]

Final Jeopardy! Round responses

POLITICIANS
ChristineWho is getty
$4,500
KurtWho is Alf Landon?
$801
SteveWho Getty
$6,200
Alf Landon

Final scores:

Kurt Christine Steve
$7,801 $100 $1,600
2-day champion: $19,801 3rd place: Vocopro Karaoke System 2nd place: Trip to Caesar's, Lake Tahoe

Game dynamics:

Coryat scores:

Kurt Christine Steve
$7,000 $4,600 $7,900
16 R,
1 W
15 R,
2 W
22 R
(including 2 DDs),
3 W
(including 1 DD)

Combined Coryat: $19,500

[game clues] [game scores] [suggest correction]

Game tape date: 2000-10-04
The J! Archive is created by fans, for fans. Scraping, republication, monetization, and malicious use prohibited; this site may use cookies and collect identifying information. See terms. The Jeopardy! game show and all elements thereof, including but not limited to copyright and trademark thereto, are the property of Jeopardy Productions, Inc. and are protected under law. This website is not affiliated with, sponsored by, or operated by Jeopardy Productions, Inc. Join the discussion at JBoard.tv.